Note de lecture : Gergely Fejérdy, Zoltán Garadnai, Magyarország a francia diplomaták szemével. Diplomáciai dokumentumok a magyar-francia kapcsolatok történetének jobb megértéséhez (1944-1990) – La Hongrie vue avec les yeux des diplomates français. Documents diplomatiques pour mieux comprendre l’histoire des relations franco-hongroises (1944-1990), Budapest, Line Design, 2022. (notice n° 2062767)

détails MARC
000 -LEADER
fixed length control field 01553cam a2200169 4500500
005 - DATE AND TIME OF LATEST TRANSACTION
control field 20260405002936.0
041 ## - LANGUAGE CODE
Language code of text/sound track or separate title fre
042 ## - AUTHENTICATION CODE
Authentication code dc
100 10 - MAIN ENTRY--PERSONAL NAME
Personal name Cussó, Roser
Relator term author
245 00 - TITLE STATEMENT
Title Note de lecture : Gergely Fejérdy, Zoltán Garadnai, Magyarország a francia diplomaták szemével. Diplomáciai dokumentumok a magyar-francia kapcsolatok történetének jobb megértéséhez (1944-1990) – La Hongrie vue avec les yeux des diplomates français. Documents diplomatiques pour mieux comprendre l’histoire des relations franco-hongroises (1944-1990), Budapest, Line Design, 2022.
260 ## - PUBLICATION, DISTRIBUTION, ETC.
Date of publication, distribution, etc. 2025.<br/>
500 ## - GENERAL NOTE
General note 97
520 ## - SUMMARY, ETC.
Summary, etc. This article examines European climate negotiations between 1989 and 1992 and seeks to identify the characteristics of these negotiations conducted within a specific regional and global context: the end of the Cold War, the strengthening of European integration, and the rise of the global climate regime, on the eve of the Earth Summit held in Rio de Janeiro, Brazil. By providing a historical perspective on these negotiations, the aim is to highlight the framework in which they took place, identify their nature, and emphasise their impact on both the history of the EC/EU integration process and the political history of the environment.
700 10 - ADDED ENTRY--PERSONAL NAME
Personal name Porta, J.
Relator term author
786 0# - DATA SOURCE ENTRY
Note Histoire, Europe et relations internationales | 6 | 1 | 2025-06-06 | p. 219-223
856 41 - ELECTRONIC LOCATION AND ACCESS
Uniform Resource Identifier <a href="https://shs.cairn.info/journal-histoire-europe-et-relations-internationales-2025-1-page-219?lang=en&redirect-ssocas=7080">https://shs.cairn.info/journal-histoire-europe-et-relations-internationales-2025-1-page-219?lang=en&redirect-ssocas=7080</a>

Pas d'exemplaire disponible.

PLUDOC

PLUDOC est la plateforme unique et centralisée de gestion des bibliothèques physiques et numériques de Guinée administré par le CEDUST. Elle est la plus grande base de données de ressources documentaires pour les Étudiants, Enseignants chercheurs et Chercheurs de Guinée.

Adresse

627 919 101/664 919 101

25 boulevard du commerce
Kaloum, Conakry, Guinée

Réseaux sociaux

Powered by Netsen Group @ 2025